Design for play (Record no. 108726)

MARC details
000 -LEADER
fixed length control field 01580cad a22002775a 4500
001 - CONTROL NUMBER
control field L145207
008 - FIXED-LENGTH DATA ELEMENTS--GENERAL INFORMATION
fixed length control field 080916s2008 xxko f f000 0 eng d
020 ## - INTERNATIONAL STANDARD BOOK NUMBER
International Standard Book Number 9781847752253
035 ## - SYSTEM CONTROL NUMBER
System control number (Sirsi) u145207
041 0# - LANGUAGE CODE
Language code of text/sound track or separate title eng
050 04 - LIBRARY OF CONGRESS CALL NUMBER
Classification number 796.068421 $2 18
100 1# - MAIN ENTRY--PERSONAL NAME
Personal name Ball, David
245 00 - TITLE STATEMENT
Title Design for play
Remainder of title a guide to creating successful play spaces
Medium [electronic resource]
260 ## - PUBLICATION, DISTRIBUTION, ETC.
Place of publication, distribution, etc. Annesley
Name of publisher, distributor, etc. DCSF Publications
Date of publication, distribution, etc. 2008
505 2# - FORMATTED CONTENTS NOTE
Formatted contents note Background: introduction; inspiring play; inspiring play spaces -- Design for play: designing spaces for play; making other spaces more 'playable' -- Design, specification and management issues: key design, specification and maintenance issues -- Further information: where to go for help; bibliography and sources -- Appendices: glossary; index of sites; case studies
520 ## - SUMMARY, ETC.
Summary, etc. Non-statutory guidance is intended for those seeking to commission or design childrens' play areas under the capital-spending programme launched by the DCSF in April 2008. It has been written with the express intention of encouraging best practice and creativity in the design of public play space.
521 ## - TARGET AUDIENCE NOTE
Target audience note Advanced
590 ## - LOCAL NOTE (RLIN)
Local note KA
651 #4 - SUBJECT ADDED ENTRY--GEOGRAPHIC NAME
Geographic name England and Wales
Chronological subdivision 1543-
690 ## - LOCAL SUBJECT ADDED ENTRY--TOPICAL TERM (OCLC, RLIN)
Topical term or geographic name as entry element ENVIRONMENTAL AND LAND CONSULTANCY-PLANNING AND DEVELOPMENT-STRATEGIC PLANNING
700 1# - ADDED ENTRY--PERSONAL NAME
Personal name Butler, Nicola
700 1# - ADDED ENTRY--PERSONAL NAME
Personal name Doyle, Phil
700 1# - ADDED ENTRY--PERSONAL NAME
Personal name Shackell, Aileen
856 40 - ELECTRONIC LOCATION AND ACCESS
Uniform Resource Identifier <a href="https://education.gov.uk/publications/eOrderingDownload/Design%20for%20Play.pdf">https://education.gov.uk/publications/eOrderingDownload/Design%20for%20Play.pdf</a>
Public note View the item free of charge online at www.everychildmatters.gov.uk...
942 ## - ADDED ENTRY ELEMENTS (KOHA)
Suppress in OPAC 0
Holdings
Withdrawn status Lost status Source of classification or shelving scheme Damaged status Not for loan Home library Current library Shelving location Date acquired Total Checkouts Full call number Barcode Date last seen Copy number Price effective from Koha item type
    Dewey Decimal Classification     Virtual Virtual Online 16/09/2008   ONLINE PUBLICATION 145207-1001 06/08/2019 1 06/08/2019 Book